LEADER 03553oam 2200625I 450 001 9910464224703321 005 20170821160233.0 010 $a1-317-79235-1 010 $a1-315-81037-9 024 7 $a10.4324/9781315810379 035 $a(CKB)2670000000518800 035 $a(EBL)1619281 035 $a(SSID)ssj0001107869 035 $a(PQKBManifestationID)12491390 035 $a(PQKBTitleCode)TC0001107869 035 $a(PQKBWorkID)11085330 035 $a(PQKB)11602871 035 $a(OCoLC)863039360 035 $a(MiAaPQ)EBC1619281 035 $a(EXLCZ)992670000000518800 100 $a20180331e20131973 uy 0 101 0 $aeng 135 $aur|n|---||||| 181 $ctxt 182 $cc 183 $acr 200 14$aThe African slave trade and its suppression $ea classified and annotated bibliography of books, pamphlets and periodical articles /$fPeter C. Hogg 210 1$aLondon ;$aNew York :$cRoutledge,$d2013. 215 $a1 online resource (429 p.) 225 1 $aCass Library of African Studies : General Studies ;$vNumber 137 300 $aFirst published 1973 by Frank Cass and Company Limited. 311 $a1-138-96628-2 311 $a0-7146-2775-5 320 $aIncludes bibliographical references and indexes. 327 $aCover; Half Title; Title Page; Copyright Page; Table of Contents; Acknowledgements; Introduction; Abbreviations; PART I: SLAVE TRADE; A. Collections of evidence; B. General accounts; (a) Contemporary accounts; (b) History; C. West Africa; (a) Contemporary accounts; (b) Controversy; (c) History; D. Sudan; (b) Controversy; (c) History; (a) Contemporary accounts; E. East Africa; (a) Contemporary accounts; (b) Controversy; (c) History; F. Slaving voyages; (a) Contemporary accounts; (b) History; G. Medical conditions; (a) Contemporary accounts; (b) History; H. Laws and official documents 327 $aI. Economic controversyJ. Economic history; K. Biographies of slaves; L. Ethnic origins of slaves; PART II: ABOLITION AND SUPPRESSION; M. Abolition controversy; N. Sermons; O. Legislative debates and speeches; P. Suppression controversy; Q. Abolition societies and conferences; (a) Publications and reports; (b) Abolition journals; R. Laws and official documents; S. Naval blockade; (a) Official documents; (b) West Africa; (c) East Africa; (d) Controversy; (e) History; T. Trials for illegal slave trading; U. Military action; V. History of the abolition movement 327 $aW. History of abolition literatureX. Legal history; Y. Biographies of abolitionists; Z. Imaginative literature; Appendix I: Unpublished theses; Appendix II: Addenda; Author index; Personal name index; Geographical name index; Anonymous title index 330 $aA comprehensive bibliography dealing specifically with African slave trade. This volume has been sub-classified for easier consultation and the compiler has provided, where possible, descriptions and comments on the works listed. 410 0$aCass library of African studies.$pGeneral studies ;$vno. 137. 606 $aSlave trade$zAfrica$vBibliography 606 $aSlave trade$vBibliography 606 $aSlavery$vBibliography 608 $aElectronic books. 615 0$aSlave trade 615 0$aSlave trade 615 0$aSlavery 676 $a016.382/44/096 700 $aHogg$b Peter C.$0243662 801 0$bMiAaPQ 801 1$bMiAaPQ 801 2$bMiAaPQ 906 $aBOOK 912 $a9910464224703321 996 $aAfrican Slave Trade and its Suppression$9653092 997 $aUNINA LEADER 03149nam 2200625Ia 450 001 996218598703316 005 20230607221435.0 010 $a1-281-31809-4 010 $a9786611318093 010 $a0-470-69055-0 010 $a0-470-68028-8 035 $a(CKB)1000000000402044 035 $a(EBL)351400 035 $a(OCoLC)437218656 035 $a(SSID)ssj0000234602 035 $a(PQKBManifestationID)11195082 035 $a(PQKBTitleCode)TC0000234602 035 $a(PQKBWorkID)10242524 035 $a(PQKB)10031913 035 $a(MiAaPQ)EBC351400 035 $a(EXLCZ)991000000000402044 100 $a20001031d2001 uy 0 101 0 $aeng 135 $aur|n|---||||| 181 $ctxt 182 $cc 183 $acr 200 10$aReflective teaching & learning in the health professions$b[electronic resource] $eaction research in professional education /$fDavid Kember ; with Alice Jones ...[et al.] 210 $aOxford ;$aMalden [Mass.] $cBlackwell Science$d2001 215 $a1 online resource (210 p.) 300 $aDescription based upon print version of record. 311 $a0-632-05739-4 320 $aIncludes bibliographical references (p.[176]-181) and index. 327 $aContents; Preface; Contributors; Preview; Part I: Introduction; 1 The nature of reflection; 2 Action research and its application to the project; Part 11: Developing reflective teaching in five healthcare courses; 3 The action research process; 4 Integrating theory and practice; 5 The use of learning contracts; 6 Writing reflective journals; 7 Promoting discussion from reflective writing; Part III: Synthesising conclusions about curricula; 8 Encouraging reflective writing; 9 Facilitating critical discussion; Part rV: The nature of reflection; 10 The affective dimension of reflection 327 $a11 Triggers for reflection12 Reflections on reflection; References; Index 330 $aThis book deals with the nature of professional education and the need to produce professionals who are capable of reflection upon practice. It derives comprehensive guidelines for developing curricula and teaching methods that encourage reflective thinking. It is heavily research-based and the multiprofessional approach is unique to this subject matter. It will appeal to educators in all health science disciplines. The book includes an introduction to the concepts of reflection and reflective thinking and describes action research methodology used to carry out this study. Findings are prese 606 $aMedicine$xStudy and teaching 606 $aThought and thinking 606 $aMedical education 606 $aLearning 615 0$aMedicine$xStudy and teaching. 615 0$aThought and thinking. 615 0$aMedical education. 615 0$aLearning. 676 $a610.7 676 $a610/.71/1 700 $aKember$b David$0776720 701 $aKember$b David$0776720 801 0$bMiAaPQ 801 1$bMiAaPQ 801 2$bMiAaPQ 906 $aBOOK 912 $a996218598703316 996 $aReflective teaching & learning in the health professions$92058858 997 $aUNISA